| 000 | 00655nam a2200133Ia 4500 | ||
|---|---|---|---|
| 008 | 171212s9999 xx 000 0 und d | ||
| 020 | _a9780833081377 | ||
| 100 | _aAsch, Beth J.;Mattock, Michael G.;Hosek, James | ||
| 245 |
_cAsch, Beth J.;Mattock, Michael G.;Hosek, James _aA New Tool for Assessing Workforce Management Policies Over Time _bExtending the Dynamic Retention Model |
||
| 260 |
_bRAND Corporation _c2013 |
||
| 650 | _aEconomics | ||
| 650 | _aUnited States -- Armed Forces -- Personnel management -- Mathematical models; United States -- Armed Forces -- Personnel management -- Evaluation | ||
| 856 | _uwww.jstor.org/stable/10.7249/j.ctt4cgdnt | ||
| 999 |
_c351651 _d351651 |
||